Estadísticas para Primeras 100 palabras de Don Quijotes de la Mancha

Haz click aquí para intentar la prueba.

Estadísticas generales

  • Esta prueba ha sido intentada 267 veces
  • La puntuación promedio es 45 de 100

Estadísticas de respuestas

Word% Correcto
la
96%
no
96%
un
95%
de
94%
En
94%
en
94%
Mancha,
93%
lugar
90%
nombre
79%
acordarme,
76%
quiero
76%
cuyo
74%
ha
72%
lo
67%
hidalgo
64%
El
63%
que
63%
vivía
62%
y
62%
las
60%
los
60%
mucho
48%
se
48%
con
46%
tiempo
46%
Una
43%
rocín
39%
lanza
35%
su
34%
flaco
31%
para
31%
galgo
28%
más
28%
adarga
27%
corredor.
27%
astillero,
26%
antigua,
24%
algún
18%
días
17%
sábados,
16%
domingos,
15%
noches,
15%
olla
15%
sus
15%
Tenía
15%
algo
13%
tres
13%
vaca
13%
carnero,
12%
duelos
12%
quebrantos
12%
salpicón
12%
viernes,
12%
della
10%
hacienda.
10%
palomino
10%
añadidura
9%
consumían
9%
partes
9%
fiestas,
8%
lantejas
8%
resto
8%
sayo
8%
concluían
7%
entresemana
7%
velarte,
7%
calzas
6%
fino.
6%
honraba
6%
mesmo,
6%
pantuflos
6%
vellorí
6%
velludo
6%

Distribución de puntuación

Porcentaje por número respondido

Porcentaje de gente con cada puntuación

Historial de tus puntuaciones

No has intentado esta prueba.